| 000 | 01040nam a22003017a 4500 | ||
|---|---|---|---|
| 005 | 20110802104232.0 | ||
| 008 | 110802t xxu||||| |||| 00| 0 eng d | ||
| 010 | _aENG-103183 | ||
| 020 |
_a9780071077828 _c425.00 |
||
| 020 |
_a0071077820 _c425.00 |
||
| 035 | _aEN-86716 | ||
| 037 | _bDBAD / PUB | ||
| 040 |
_adpl _bEnglish |
||
| 082 | _a621.382 | ||
| 100 |
_aKennedy, George _929868 |
||
| 245 |
_aKennedy's electronic communication systems / _cby George Kennedy, Bernard Davis [and] S.R.M. Prasanna |
||
| 250 | _a5th ed | ||
| 260 |
_aNew Delhi _bTata McGraw Hill _c2011 |
||
| 270 |
_a7, West Patel Nagar _bNew Delhi _e110002 |
||
| 300 |
_axix,630p. : _c24cm (pbk) _bill. |
||
| 500 | _aIncludes index | ||
| 650 | _929869 | ||
| 651 | _91549 | ||
| 700 |
_929871 _aDavis, Bernard |
||
| 700 |
_aPrasanna, S.R.M. _930750 |
||
| 942 |
_2ddc _cEN _h621.382 _mKEN |
||
| 999 |
_c54655 _d54655 |
||